A journey: Tony Blair (Record no. 441086)

000 -LEADER
fixed length control field 00536cam a22001697a 4500
008 - FIXED-LENGTH DATA ELEMENTS--GENERAL INFORMATION
fixed length control field 180718b2010 xxu||||| |||| 00| 0 eng d
020 ## - INTERNATIONAL STANDARD BOOK NUMBER
International Standard Book Number 9780091925550
082 ## - DEWEY DECIMAL CLASSIFICATION NUMBER
Classification number A99 B575
100 ## - MAIN ENTRY--PERSONAL NAME
Personal name Blair, Tony
245 ## - TITLE STATEMENT
Title A journey: Tony Blair
Statement of responsibility, etc. by Tony Blair
260 ## - PUBLICATION, DISTRIBUTION, ETC.
Place of publication, distribution, etc. London
Name of publisher, distributor, etc. Hutchinson
Date of publication, distribution, etc. 2010
300 ## - PHYSICAL DESCRIPTION
Extent 718p.
650 ## - SUBJECT ADDED ENTRY--TOPICAL TERM
Topical term or geographic name entry element Great Britain -- Politics and government -- 1997-2007
650 ## - SUBJECT ADDED ENTRY--TOPICAL TERM
Topical term or geographic name entry element Politicians -- Great Britain -- Biography
650 ## - SUBJECT ADDED ENTRY--TOPICAL TERM
Topical term or geographic name entry element Ex-prime ministers -- Great Britain -- Biography
650 ## - SUBJECT ADDED ENTRY--TOPICAL TERM
Topical term or geographic name entry element Blair, Tony, 1953-
Holdings
Withdrawn status Lost status Damaged status Not for loan Permanent Location Current Location Date acquired Full call number Barcode Date last seen Price effective from Koha item type
        Indian Institute of Public Administration Indian Institute of Public Administration 2010-10-05 A99 B575 84014 2018-07-21 2018-07-21 Book

Powered by Koha